Normal view
MARC view
- REENGINEERING MANAGEMEN
Entry Topical Term
001 - CONTROL NUMBER
- control field: 64046
003 - CONTROL NUMBER IDENTIFIER
- control field: NUST
005 - DATE AND TIME OF LATEST TRANSACTION
- control field: 20210628203221.0
008 - FIXED-LENGTH DATA ELEMENTS
- fixed length control field: 210628|| aca||aabn | a|a d
040 ## - CATALOGING SOURCE
- Original cataloging agency: NUST
- Transcribing agency: NUST
150 ## - HEADING--TOPICAL TERM
- Topical term or geographic name entry element: REENGINEERING MANAGEMEN
670 ## - SOURCE DATA FOUND
- Source citation: Work cat.: (NUST): Seppanen, Marvin S , Kumar, Sameer , Chandra, Charu 64045, Process analysis and improvement , tools and techniques, 2005
